000 01772nam a2200133Ia 4500
008 220620s9999||||xx |||||||||||||| ||und||
020 _a9783040000000
245 0 _aInfection in Honey Bees
_bHost–Pathogen Interaction and Spillover
546 _aEnglish[eng]
650 _asacbrood virus||sacbrood disease||Apis cerana||Apis mellifera||microsporidia||nosemosis control||phytotherapy||16S rDNA gene||honey bee||small hive beetle||invasive pest||trypanosomatids||honey bee virus||deformed wing virus||Kashmir bee virus||replicative virus||strand-specific RT-PCR||16S rRNA||ITR2||NGS||Nosema apis||Nosema ceranae||Nosema bombi||Acarapis woodi||Trypanosomatida||Crithidia spp.||neogregarines||Apicystis spp.||antropocene||insectageddon||urban area||urban environment||bee biology||Varroa destructor||treatment||predictive model||beekeeping||decision-making tool||Apis dorsata||chito-oligosaccharide||propolis||Bombus spp.||honeybee viruses||black queen cell virus||acute bee paralysis virus||chronic bee paralysis virus||genetic characterization||sequencing||transmission routes||hypopharyngeal glands||flight muscles||honeybee immunity||honeybee pathology||bumblebees||honeybees||viruses||Nosema spp.||Crithidia bombi||Apicystis bombi||Lotmaria passim||pathogens transmission||honey bees||acaricides||pesticides||toxic unit||bee viruses||tau-fluvalinate||coumaphos||bees||population decline||plant protection||soil||risk||GIS||spillover||inter-species transmission||honey bee diseases||pathogens||virus||bacteria||Nosema||wild bees||arthropods||Hymenoptera||nosemosis||Vairimorpha ceranae||nisin||Saccharomyces sp.||acetic acid||para-coumaric acid||gut microbiota||n/a
700 _aCilia, Giovanni
856 _uhttps://mdpi.com/books/pdfview/book/4908
942 _cEB
999 _c31285
_d31285